000 02047nam0a2200385 4500
001 RU\NLR\BIBL_A\022752730
005 20260531100104.0
010 _a978-5-00147-779-2
_990
021 _aRU
_bКН-П-26-000631
_9КН-П-26-0058
035 _a(NLR Aleph) 022752730
090 _a13717601
_c13717601
100 _a20260313d2025 u y0rusy50 ca
101 0 _arus
102 _aRU
105 _aа j 000yy
181 0 _ai
_baxxe
182 0 _an
200 1 _aЛекарственные средства, влияющие на функции органов дыхания
_eучебно-методическое пособие для студентов медицинских специальностей
_fТатжикова К. А., Лобаева Т. А., Гужвина Е. Н., Лебедева С. А.
_gСеченовский университет, Медицинский университет МГИМО-МЕД
203 _aТекст
_bвизуальный
_cнепосредственный
210 _aМосква
_cВаш формат
_d2025
215 _a77 с.
_cил.
_d30
320 _aБиблиогр.: с. 76 (7 назв.)
606 1 _aДыхательная система
_jУчебно-методические пособия для высших учебных заведений
_xВлияние фармацевтических препаратов
_92524398
_3RU\NLR\AUTH\6601709925
686 1 _aР281.711.5я73
686 1 _aР281.705я73
686 1 _aР281.766я73
686 1 _aР281.702я73
701 1 _aТатжикова
_bК. А.
_gКристина Александровна
701 1 _aЛобаева
_bТ. А.
_gТатьяна Александровна
701 1 _aГужвина
_bЕ. Н.
_gЕлена Николаевна
701 1 _7ca
_8rus
_aЛебедева
_bС. А.
_cд-р биол. наук, фармакология
_gСветлана Анатольевна
_92710163
_3RU\NLR\AUTH\770293959
942 _cBOOK
980 _aNB